| 000 | 01103nam a2200241Ia 4500 | ||
|---|---|---|---|
| 999 |
_c55673 _d55673 |
||
| 001 | 22768 | ||
| 003 | GE_BSU | ||
| 005 | 20230505163750.0 | ||
| 008 | 181216s ||||ge |||||||||||||| ||geo|| | ||
| 020 | _a9789941039782 | ||
| 040 | _cGE_BSU | ||
| 041 | _ageo | ||
| 080 | _a821.112.2-1 ლ-34 | ||
| 100 |
_aლედებური, ბენედიქტ _918003 |
||
| 245 |
_aკუბურები : პოეზია, ესსეები / _cბენედიქტ ლედებური ; შემდგ. და გამომც. დათო ბარბაქაძე. |
||
| 264 |
_aთბილისი : _bმერწყული, _c2011. |
||
| 300 |
_a248 გვ. ; _c20 სმ. |
||
| 500 | _aპარალ თავფურ. გერმ. ლექსები გერმ. და ქართ. ენებზე | ||
| 520 | _aპარალ. თავფურ. გერმ.ლექსები გერმ. და ქართ. ენ | ||
| 541 | _h8 ლ. | ||
| 653 | _aკუბურები : პოეზია, ესსეები | ||
| 942 |
_cBK _2udc |
||